| 000 | 00655nam a2200205Ii 4500 | ||
|---|---|---|---|
| 003 | JO-AjNU | ||
| 008 | 230605s9999||||xx |||||||||||||| ||und|| | ||
| 040 |
_aJO-AjNU _bara _erda _cJO-AjNU |
||
| 041 | _aara | ||
| 050 | 1 | 4 | _aBF441.S9222.2003 |
| 100 | 3 |
_aسويد،عبد المعطي, _eauthor _921894 |
|
| 245 | 0 | 0 | _aمهارات التفكير ومواجهة الحياة |
| 250 | _aط1 | ||
| 264 | 3 | 1 | _aالعين:دار الكتاب الجامعي،2003 |
| 300 | _a192ص | ||
| 336 |
_atext _btxt _2rdacontent |
||
| 337 |
_aunmediated _bn _2rdamedia |
||
| 338 |
_avolume _bnc _2rdacarrier |
||
| 650 | 4 |
_aفكر وتفكير-تفكير سليم _921895 |
|
| 999 |
_aA7683 _c11251 _d11251 |
||